| 000 | 00545nam a22001577a 4500 | ||
|---|---|---|---|
| 003 | macl | ||
| 005 | 20170926124927.0 | ||
| 008 | 160305b xxu||||| |||| 00| 0 eng d | ||
| 040 | _cmacl | ||
| 082 | _a323 | ||
| 100 |
_aमिश्रा ,डाॅ .महेन्द्र के. _969224 |
||
| 245 | _aभ्ाारत में मानवाधिकार | ||
| 260 |
_aदिल्ली _bए .अार .एस. पब्लिकेशन _c2010 |
||
| 650 |
_aमानवाधिकार _949377 |
||
| 942 |
_2ddc _cHIN |
||
| 999 |
_c53475 _d53475 |
||